|
|
|
|
| LEADER |
00000cam a2200000 7i4500 |
| 001 |
0000000188 |
| 005 |
20011124.0 |
| 020 |
0 |
0 |
|a 9838120065
|
| 090 |
0 |
0 |
|a 915
|b PHI 1995
|
| 100 |
1 |
0 |
|a PHILLIPPS
|h Susan M.
|
| 245 |
1 |
0 |
|a Enchanted gardens of Kinabalu :
|b A Borneo diary
|c Susan M. Phillipps
|
| 260 |
0 |
0 |
|a Kota Kinabalu :
|b Natural History Pub. ,
|c 1995
|
| 300 |
|
|
|a ix, 164 p. :
|b ill. (some col.) ;
|c 27 cm.
|
| 500 |
0 |
0 |
|a Bibliography: [p. 157] and index
|
| 650 |
0 |
0 |
|a Botany
|z Sabah
|z Mount Kinabalu
|x Classification
|x Pictorial works
|
| 998 |
|
|
|a JPSM
|
| 999 |
|
|
|a 0000001373
|b Monograph
|c Open Shelf
|e Default branch
|